| 000 | 00448nam a2200157 i 4500 | ||
|---|---|---|---|
| 001 | bg | ||
| 100 | 1 | _aKOMAR, A. P. | |
| 245 | 0 |
_aIzmerenie polnoj energii puckow tormoznogo izlucenija ot elektronnych uskoritelej / _cA.P. Komar, S.P. Kruglow, J.W. Lopatin. |
|
| 260 |
_aLeningrad, _c1972. |
||
| 700 | 1 | _aKRUGLOW, S. P. | |
| 700 | 1 | _aLOPATIN, J. W. | |
| 040 | _cBPK | ||
| 041 | _apol | ||
| 942 | _cKS | ||
| 008 | s pl f |000 0 pol | ||
| 999 |
_c14502 _d14502 |
||
| 856 |
_uhttp://koha.tu.koszalin.pl/cgi-bin/koha/opac-detail.pl?biblionumber=14502 _yKatalog online BPK |
||